Countries of the Balkans quiz - Statistics

General Stats
  • This quiz has been taken 48 times
  • The average score is 11 of 12
Answers on the Map
Answers color-coded by a green-red scale on the quiz's map according to % correct below.
 
Answer Stats
Answer % Correct
Albania
100%
Bulgaria
100%
Serbia
100%
Bosnia & Herzegovania
97%
Greece
97%
Montenegro
97%
Kosovo
95%
North Macedonia
95%
Romania
95%
Croatia
92%
Slovenia
89%
Moldova
84%
No matching quizzes found
Score Distribution
Percent of People with Each Score
Percentile by Number Answered
Your Score History
You have not taken this quiz